Thực hành thiết kế kết cấu nhà bê tông cốt thép

Guardat en:
Dades bibliogràfiques
Autor principal: Hoàng, Hiếu Nghĩa
Format: Sách
Idioma:Undetermined
Publicat: Xây dựng 2021
Matèries:
Etiquetes: Afegir etiqueta
Sense etiquetes, Sigues el primer a etiquetar aquest registre!
Thư viện lưu trữ: Trung tâm Thư viện - Trường Đại học Công nghiệp TP. Hồ Chí Minh
LEADER 00558nam a2200157Ia 4500
001 UIH_00504
008 230809s9999 xx 000 0 und d
082 |a 696.1 
100 |a Hoàng, Hiếu Nghĩa 
245 0 |a Thực hành thiết kế kết cấu nhà bê tông cốt thép 
245 0 |c Hoàng, Hiếu Nghĩa 
260 |b Xây dựng 
260 |c 2021 
650 |a Kết cấu công trình;Nhà cao tầng; 
927 |a Sách 
980 |a Trung tâm Thư viện - Trường Đại học Công nghiệp TP. Hồ Chí Minh